[Event "Arab-ch blitz"]
[Site "Sharjah"]
[Date "2018.02.04"]
[Round "4"]
[White "Ahmed, Ali Layth Ahmed"]
[Black "Labib, Ibrahim Hasan"]
[Result "0-1"]
[WhiteElo "2234"]
[BlackElo "2378"]
[PlyCount "56"]
[EventDate "2018.02.04"]
[EventType "swiss (blitz)"]
[EventRounds "7"]
[EventCountry "UAE"]
[SourceTitle "CBM 182 Extra"]
[Source "ChessBase"]
[SourceDate "2018.02.23"]
[SourceVersion "1"]
[SourceVersionDate "2018.02.23"]
[SourceQuality "1"]

1. d4 Nf6 2. c4 e6 3. Nf3 b6 4. g3 Ba6 5. Qc2 c5 6. d5 Bb7 7. Bg2 exd5 8. cxd5 Nxd5 9. 0-0 Be7 10. Rd1 Nc6 11. a3 Nc7 12. e4 0-0 13. Nc3 Qe8 14. Nd5 Bd8 15. Bf4 Ne6 16. Bd6 Ncd4 17. Nxd4 Nxd4 18. Qd3 Bxd5 19. exd5 Be7 20. Re1 Bxd6 21. Rxe8 Rfxe8 22. Kf1 g6 23. h4 Re2 24. b4 Rae8 25. bxc5 Bxc5 26. Bh3 Nc2 27. f4 Rf2+ 28. Kg1 Rd2+ 0-1

[Event "Arab-ch blitz"]
[Site "Sharjah"]
[Date "2018.02.04"]
[Round "7"]
[White "Al Abdali, Zeyad Saleh"]
[Black "Labib, Ibrahim Hasan"]
[Result "0-1"]
[WhiteElo "1771"]
[BlackElo "2378"]
[PlyCount "50"]
[EventDate "2018.02.04"]
[EventType "swiss (blitz)"]
[EventRounds "7"]
[EventCountry "UAE"]
[SourceTitle "CBM 182 Extra"]
[Source "ChessBase"]
[SourceDate "2018.02.23"]
[SourceVersion "1"]
[SourceVersionDate "2018.02.23"]
[SourceQuality "1"]

1. d4 Nf6 2. Nf3 e6 3. Bg5 c5 4. e3 Nc6 5. c3 Qb6 6. Qc1 d5 7. Bd3 Bd7 8. 0-0 Rc8 9. Nbd2 h6 10. Bh4 g5 11. Bg3 Nh5 12. Be5 Bg7 13. Bg6 fxg6 14. Qc2 Kf7 15. dxc5 Qxc5 16. b4 Qe7 17. Bg3 Rhf8 18. a3 e5 19. Rfe1 Nxg3 20. hxg3 e4 21. Nd4 Nxd4 22. exd4 Bxd4 23. Rab1 Kg7 24. c4 Rxf2 25. Kh2 Qe6 0-1

[Event "Arab-ch 2017 Rapid"]
[Site "Sharjah"]
[Date "2018.01.31"]
[Round "5.5"]
[White "Labib, Ibrahim Hasan"]
[Black "Mohammad, Nouali"]
[Result "1-0"]
[WhiteElo "2427"]
[BlackElo "1956"]
[PlyCount "87"]
[EventDate "2018.01.31"]
[EventType "swiss (rapid)"]
[EventRounds "7"]
[EventCountry "UAE"]
[SourceTitle "EXT 2024"]
[Source "ChessBase"]
[SourceDate "2023.10.10"]
[SourceVersion "1"]
[SourceVersionDate "2023.10.10"]
[SourceQuality "1"]

1. Nf3 Nf6 2. c4 g6 3. Nc3 Bg7 4. g3 0-0 5. Bg2 d6 6. d4 Nc6 7. 0-0 e5 8. dxe5 dxe5 9. Bg5 Qxd1 10. Rfxd1 Be6 11. Nd5 Bxd5 12. cxd5 Nb4 13. Nxe5 Rfe8 14. f4 Rad8 15. e4 h6 16. Bxf6 Bxf6 17. Ng4 Bg7 18. e5 h5 19. Ne3 f6 20. e6 f5 21. a3 Na6 22. Nc4 Nc5 23. Ne5 Bxe5 24. fxe5 c6 25. b4 Na6 26. dxc6 bxc6 27. Bxc6 Rxd1+ 28. Rxd1 Re7 29. Rd8+ Kg7 30. Rd6 Nc7 31. Bd7 g5 32. b5 Kg6 33. a4 f4 34. Bc8 Ne8 35. a5 fxg3 36. hxg3 Rc7 37. Rd8 Ng7 38. Bd7 Nf5 39. Rg8+ Kh6 40. Rc8 Rb7 41. Rf8 Ng7 42. Rf6+ Kh7 43. Rf7 Kg8 44. Rxg7+ 1-0

[Event "Golden Cleopatra op"]
[Site "Cairo"]
[Date "2016.12.14"]
[Round "2"]
[White "Labib, Ibrahim Hasan"]
[Black "Nady, Abdel Badeia"]
[Result "0-1"]
[WhiteElo "2406"]
[BlackElo "1977"]
[PlyCount "81"]
[EventDate "2016.12.13"]
[EventType "swiss"]
[EventRounds "10"]
[EventCountry "EGY"]
[SourceTitle "CBM 176 Extra"]
[Source "ChessBase"]
[SourceDate "2017.03.02"]
[SourceVersion "1"]
[SourceVersionDate "2017.03.02"]
[SourceQuality "1"]

1. Nf3 d6 2. d4 Nf6 3. c4 g6 4. Nc3 Bg7 5. e4 0-0 6. h3 Nbd7 7. Be3 e5 8. d5 a5 9. g4 b6 10. Nd2 Nc5 11. Be2 Ne8 12. h4 f5 13. g5 f4 14. Bxc5 dxc5 15. Bg4 Nd6 16. Qf3 Bxg4 17. Qxg4 Qc8 18. Qxc8 Raxc8 19. Ke2 Rfe8 20. Kd3 Kf7 21. h5 Ra8 22. Rh3 Rad8 23. Rah1 Rd7 24. Kc2 Kg8 25. Kb3 Kf7 26. Ka4 Kg8 27. Nb5 Nf7 28. Nf3 Nd6 29. Nxd6 cxd6 30. Kb5 Rb8 31. Nh2 Kf7 32. hxg6+ hxg6 33. Ng4 Ke7 34. Rh7 Kd8 35. Nf6 Rf7 36. R1h6 Rbb7 37. Rxg6 a4 38. Nh5 Bf8 39. Rh8 Kc7 40. Rgg8 Ra7 41. b4 0-1

[Event "EGY-chT"]
[Site "Egypt"]
[Date "2016.05.10"]
[Round "6.2"]
[White "Kamel, Mahmoud"]
[Black "Labib, Ibrahim Hasan"]
[Result "0-1"]
[WhiteElo "2221"]
[BlackElo "2418"]
[PlyCount "100"]
[EventDate "2016.05.05"]
[EventType "team-tourn"]
[EventRounds "9"]
[EventCountry "EGY"]
[SourceTitle "CBM 172 Extra"]
[Source "ChessBase"]
[SourceDate "2016.06.21"]
[SourceVersion "1"]
[SourceVersionDate "2016.06.21"]
[SourceQuality "1"]
[WhiteTeam "Hawamdia"]
[BlackTeam "Elhawar"]
[WhiteTeamCountry "EGY"]
[BlackTeamCountry "EGY"]

1. e4 Nf6 2. Nc3 d5 3. exd5 Nxd5 4. Nf3 g6 5. Bc4 Nb6 6. Bb3 Bg7 7. d4 0-0 8. h3 Nc6 9. Be3 Na5 10. 0-0 Nbc4 11. Bg5 h6 12. Bh4 g5 13. Bg3 c5 14. dxc5 Qxd1 15. Nxd1 Nxb2 16. Rb1 Nxb3 17. cxb3 Nd3 18. b4 a5 19. a3 axb4 20. axb4 Ra4 21. Rb3 Nxb4 22. Nc3 Be6 23. Nxa4 Bxb3 24. Nb6 Rd8 25. Rb1 Rd1+ 26. Rxd1 Bxd1 27. Ne5 f5 28. f4 Bxe5 29. fxe5 Kf7 30. Bf2 Ke6 31. Bd4 Nc6 32. Bc3 Bb3 33. Kf2 Nxe5 34. Ke3 f4+ 35. Ke2 Bd5 36. Kf1 Bc6 37. Kg1 h5 38. Kf1 g4 39. hxg4 hxg4 40. Kg1 g3 41. Nc8 Nd3 42. Bd2 Kf6 43. Ba5 e5 44. Bb6 Ne1 45. Nd6 Nxg2 46. Nc4 Ne1 47. Bc7 Nf3+ 48. Kf1 Bb5 49. Kg2 Ne1+ 50. Kf1 g2+ 0-1

[Event "Cairo Egyptian op"]
[Site "Cairo"]
[Date "2016.04.23"]
[Round "2"]
[White "Labib, Ibrahim Hasan"]
[Black "Kamal Abdel Fadil, Wael"]
[Result "1-0"]
[WhiteElo "2424"]
[BlackElo "2031"]
[PlyCount "85"]
[EventDate "2016.04.22"]
[EventType "swiss"]
[EventRounds "9"]
[EventCountry "EGY"]
[SourceTitle "CBM 172 Extra"]
[Source "ChessBase"]
[SourceDate "2016.06.21"]
[SourceVersion "1"]
[SourceVersionDate "2016.06.21"]
[SourceQuality "1"]

1. Nf3 e6 2. c4 Nf6 3. Nc3 b6 4. e4 Bb7 5. Bd3 d6 6. Bc2 Be7 7. d4 Nbd7 8. 0-0 0-0 9. Re1 e5 10. d5 a6 11. Rb1 Bc8 12. b4 a5 13. a3 h6 14. Ba4 Nb8 15. c5 axb4 16. axb4 bxc5 17. bxc5 Bd7 18. Qc2 Bxa4 19. Nxa4 Nbd7 20. c6 Nb8 21. Bd2 Nh7 22. Rb7 Qc8 23. Nb6 cxb6 24. Rxe7 Na6 25. Rb7 Rb8 26. Ra7 Nc5 27. Nh4 g6 28. Bxh6 Re8 29. h3 Ra8 30. Rxa8 Qxa8 31. Re3 Nf6 32. Bg5 Nh5 33. Qe2 Qc8 34. Nf5 Qc7 35. Qg4 b5 36. Rf3 Kh7 37. Qh4 b4 38. Ng3 Nxe4 39. Nxh5 gxh5 40. Qxe4+ Kg8 41. Bf6 Qa5 42. Rg3+ Kf8 43. Qh7 1-0

[Event "Al Ain op 4th"]
[Site "Al Ain"]
[Date "2015.12.30"]
[Round "9"]
[White "Labib, Ibrahim Hasan"]
[Black "Libiszewski, Fabien"]
[Result "0-1"]
[WhiteElo "2434"]
[BlackElo "2515"]
[PlyCount "100"]
[EventDate "2015.12.23"]
[EventType "swiss"]
[EventRounds "9"]
[EventCountry "UAE"]
[SourceTitle "CBM 170 Extra"]
[Source "ChessBase"]
[SourceDate "2016.02.25"]
[SourceVersion "1"]
[SourceVersionDate "2016.02.25"]
[SourceQuality "1"]

1. Nf3 g6 2. c4 Bg7 3. Nc3 Nf6 4. e4 d6 5. d4 0-0 6. h3 Nbd7 7. Be3 e5 8. d5 Nc5 9. Nd2 a5 10. g4 c6 11. Be2 Bd7 12. g5 Ne8 13. h4 a4 14. b4 axb3 15. axb3 Rxa1 16. Qxa1 Na6 17. Qa3 c5 18. Na2 f5 19. f3 Nec7 20. b4 Qa8 21. bxc5 Nxc5 22. Qb2 Qa5 23. 0-0 N7a6 24. Nc3 f4 25. Bf2 h6 26. gxh6 Bxh6 27. Nb5 Qb6 28. Ra1 g5 29. Qa3 g4 30. Qa5 Qxa5 31. Rxa5 g3 32. Bxc5 dxc5 33. Nd6 Rf6 34. Nxb7 Rb6 35. Bf1 Bf8 36. Nd8 Be7 37. Ne6 Bxe6 38. dxe6 Rxe6 39. Nb3 Rc6 40. h5 Nb4 41. Ra7 Bf8 42. Nc1 Rd6 43. Na2 Nc6 44. Rc7 Nd4 45. Kg2 Rh6 46. Kh3 Rxh5+ 47. Kg4 Rh2 48. Nc3 g2 49. Bxg2 Rxg2+ 50. Kh5 Nxf3 0-1

[Event "Al Ain op 4th"]
[Site "Al Ain"]
[Date "2015.12.28"]
[Round "7"]
[White "Kulaots, Kaido"]
[Black "Labib, Ibrahim Hasan"]
[Result "1-0"]
[WhiteElo "2574"]
[BlackElo "2434"]
[PlyCount "75"]
[EventDate "2015.12.23"]
[EventType "swiss"]
[EventRounds "9"]
[EventCountry "UAE"]
[SourceTitle "CBM 170 Extra"]
[Source "ChessBase"]
[SourceDate "2016.02.25"]
[SourceVersion "1"]
[SourceVersionDate "2016.02.25"]
[SourceQuality "1"]

1. d4 Nf6 2. c4 e6 3. Nc3 Bb4 4. Nf3 b6 5. Bg5 Bb7 6. Nd2 h6 7. Bh4 Nc6 8. a3 Bxc3 9. bxc3 g5 10. Bg3 Ne7 11. f3 Nf5 12. Bf2 d5 13. e3 Qd7 14. Bd3 0-0-0 15. 0-0 Rhg8 16. e4 Nh4 17. Kh1 Nh5 18. g3 f5 19. cxd5 exd5 20. exf5 g4 21. fxg4 Nf6 22. gxh4 Rxg4 23. Qf3 Rdg8 24. h3 R4g7 25. Rg1 Qc6 26. Rxg7 Rxg7 27. Rg1 Rxg1+ 28. Kxg1 Qxc3 29. Qe3 Qxa3 30. Bb1 Qf8 31. Bg3 Kb8 32. Qe5 Qg7 33. Kh2 a5 34. Qe6 Nd7 35. f6 Nxf6 36. Be5 Ka7 37. Qxf6 Qxf6 38. Bxf6 1-0

[Event "Al Ain op 4th"]
[Site "Al Ain"]
[Date "2015.12.27"]
[Round "6"]
[White "Labib, Ibrahim Hasan"]
[Black "Abdulla, Khayala Mardan Qizi"]
[Result "1-0"]
[WhiteElo "2434"]
[BlackElo "2256"]
[PlyCount "47"]
[EventDate "2015.12.23"]
[EventType "swiss"]
[EventRounds "9"]
[EventCountry "UAE"]
[SourceTitle "CBM 170 Extra"]
[Source "ChessBase"]
[SourceDate "2016.02.25"]
[SourceVersion "1"]
[SourceVersionDate "2016.02.25"]
[SourceQuality "1"]

1. Nf3 Nf6 2. c4 e6 3. Nc3 c5 4. e3 a6 5. d4 cxd4 6. exd4 d5 7. Bg5 dxc4 8. Bxc4 Be7 9. 0-0 b5 10. Bb3 Bb7 11. Qe2 0-0 12. Rad1 b4 13. d5 bxc3 14. dxe6 Qc7 15. Ne5 fxe6 16. Bxe6+ Kh8 17. Rd3 Nh5 18. Rxc3 Qd6 19. Nf7+ Rxf7 20. Bxf7 Nf6 21. Rd1 Qb4 22. Rc4 Qb5 23. Qxe7 Nc6 24. Qxf6 1-0

[Event "Al Ain op 4th"]
[Site "Al Ain"]
[Date "2015.12.26"]
[Round "5"]
[White "Adly, Ahmed"]
[Black "Labib, Ibrahim Hasan"]
[Result "1-0"]
[WhiteElo "2598"]
[BlackElo "2434"]
[PlyCount "49"]
[EventDate "2015.12.23"]
[EventType "swiss"]
[EventRounds "9"]
[EventCountry "UAE"]
[SourceTitle "CBM 170 Extra"]
[Source "ChessBase"]
[SourceDate "2016.02.25"]
[SourceVersion "1"]
[SourceVersionDate "2016.02.25"]
[SourceQuality "1"]

1. Nf3 Nf6 2. c4 b6 3. g3 Bb7 4. Bg2 c5 5. 0-0 d6 6. d4 cxd4 7. Qxd4 Nbd7 8. Nc3 a6 9. Rd1 g6 10. Bh3 Rc8 11. Nd5 Bg7 12. Bxd7+ Qxd7 13. Nxb6 Qh3 14. Nxc8 Qxc8 15. Bg5 h6 16. Bxf6 Bxf6 17. Qe3 Kf8 18. c5 dxc5 19. Rac1 Kg7 20. Rxc5 Qh3 21. Rc7 Rb8 22. Rxe7 Bxf3 23. exf3 Rxb2 24. Rc7 Qf5 25. Qe8 1-0

[Event "WchT 9th"]
[Site "Antalya"]
[Date "2013.11.30"]
[Round "5.4"]
[White "Labib, Ibrahim Hasan"]
[Black "L'Ami, Erwin"]
[Result "1/2-1/2"]
[WhiteElo "2411"]
[BlackElo "2648"]
[PlyCount "194"]
[EventDate "2013.11.26"]
[EventType "team-tourn"]
[EventRounds "9"]
[EventCountry "TUR"]
[SourceTitle "CBM 158"]
[Source "ChessBase"]
[SourceDate "2014.01.16"]
[SourceVersion "1"]
[SourceVersionDate "2014.01.16"]
[SourceQuality "1"]
[WhiteTeam "Egypt"]
[BlackTeam "Netherlands"]
[WhiteTeamCountry "EGY"]
[BlackTeamCountry "NED"]

1. Nf3 Nf6 2. c4 g6 3. Nc3 Bg7 4. e4 d6 5. d4 0-0 6. h3 a6 7. Bf4 c5 8. dxc5 Qa5 9. Bd3 Qxc5 10. 0-0 Nbd7 11. a3 Qc7 12. Rc1 b6 13. b4 Bb7 14. Qe2 Nh5 15. Bg5 e6 16. Qe3 Rfe8 17. Bh6 Bh8 18. Nh2 Rac8 19. Be2 Nhf6 20. Bf4 Qc6 21. Rfd1 Ne5 22. b5 Qc7 23. bxa6 Bxa6 24. c5 Bxe2 25. cxd6 Qb7 26. Qxe2 Nfd7 27. Nb5 Rc5 28. Rxc5 bxc5 29. Bxe5 Bxe5 30. Nf3 Bg7 31. Nc7 Rb8 32. a4 Qa7 33. Qc2 Rb2 34. Qc4 Rb4 35. Qa6 Qxa6 36. Nxa6 Rxa4 37. Nxc5 Nxc5 38. d7 Bf6 39. d8Q+ Bxd8 40. Rxd8+ Kg7 41. e5 Ra1+ 42. Kh2 Ne4 43. Rd4 Nxf2 44. Ng5 h6 45. Nxf7 Kxf7 46. Rf4+ Kg7 47. Rxf2 Re1 48. g4 Rxe5 49. Rf3 g5 50. Kg3 Ra5 51. h4 Ra7 52. hxg5 hxg5 53. Kg2 Rf7 54. Re3 Kf6 55. Rf3+ Ke7 56. Ra3 Rf4 57. Kg3 Rd4 58. Ra8 Rd8 59. Ra7+ Kf6 60. Ra3 Rd4 61. Re3 Ra4 62. Re1 Ra3+ 63. Kg2 Rd3 64. Re2 Ke7 65. Re5 Rd5 66. Re3 Kd6 67. Kf3 Rd4 68. Ra3 Ke5 69. Ra5+ Rd5 70. Ra6 Rd3+ 71. Kf2 Rd6 72. Ra5+ Rd5 73. Ra6 Rc5 74. Ke3 Kd5 75. Kf2 Rb5 76. Ke3 Rc5 77. Kf2 Ke5 78. Kf3 Rc3+ 79. Kf2 Rd3 80. Rb6 Rd6 81. Rb5+ Kf6 82. Kf3 Ra6 83. Rc5 e5 84. Rb5 Ke6 85. Rb8 Ra3+ 86. Ke4 Ra4+ 87. Kf3 Rf4+ 88. Kg3 e4 89. Rg8 Rf3+ 90. Kg2 Ke5 91. Rxg5+ Kf4 92. Rf5+ Kxg4 93. Rxf3 exf3+ 94. Kf2 Kf4 95. Kf1 Kg3 96. Kg1 f2+ 97. Kf1 Kf3 1/2-1/2

[Event "Cairo zt 4.2"]
[Site "Cairo"]
[Date "2013.05.05"]
[Round "7"]
[White "Ndikumana, Yves"]
[Black "Labib, Ibrahim Hasan"]
[Result "0-1"]
[WhiteElo "2088"]
[BlackElo "2426"]
[PlyCount "56"]
[EventDate "2013.04.30"]
[EventType "tourn"]
[EventRounds "9"]
[EventCountry "EGY"]
[EventCategory "2"]
[SourceTitle "CBM 154 Extra"]
[Source "ChessBase"]
[SourceDate "2013.06.25"]
[SourceVersion "2"]
[SourceVersionDate "2013.06.25"]
[SourceQuality "1"]

1. d4 Nf6 2. c4 e6 3. Nc3 Bb4 4. Bg5 h6 5. Bh4 b6 6. Nf3 Bb7 7. e3 Bxc3+ 8. bxc3 d6 9. Be2 Nbd7 10. 0-0 Qe7 11. a4 a5 12. Nd2 e5 13. d5 g5 14. Bg3 h5 15. h3 Nc5 16. Bh2 Bc8 17. f3 Bd7 18. e4 0-0-0 19. Bg3 Rdg8 20. Kh2 g4 21. h4 gxf3 22. Bxf3 Ng4+ 23. Bxg4 Rxg4 24. Qf3 Rhg8 25. Bf2 f5 26. Rg1 fxe4 27. Qxg4 Rxg4 28. g3 Nd3 0-1

[Event "EGY-ch"]
[Site "Cairo"]
[Date "2013.03.28"]
[Round "3"]
[White "Labib, Ibrahim Hasan"]
[Black "Ameir, Moheb"]
[Result "1-0"]
[WhiteElo "2426"]
[BlackElo "2271"]
[PlyCount "71"]
[EventDate "2013.03.26"]
[EventType "swiss"]
[EventRounds "9"]
[EventCountry "EGY"]
[SourceTitle "CBM 153 Extra"]
[Source "ChessBase"]
[SourceDate "2013.04.22"]
[SourceVersion "1"]
[SourceVersionDate "2013.04.22"]
[SourceQuality "1"]

1. Nf3 Nf6 2. c4 c5 3. Nc3 g6 4. e4 d6 5. d4 cxd4 6. Nxd4 Bg7 7. Be2 Nc6 8. Be3 0-0 9. Qd2 Bd7 10. 0-0 Nxd4 11. Bxd4 Qa5 12. f3 Be6 13. b3 Rfc8 14. Rfc1 a6 15. Rab1 Nd7 16. Be3 Qd8 17. f4 Nc5 18. Bf3 Rab8 19. Nd5 f5 20. Re1 fxe4 21. Bxc5 Rxc5 22. Bxe4 Bd7 23. Nxe7+ Qxe7 24. b4 Re5 25. fxe5 Bxe5 26. Rb3 b5 27. c5 Be6 28. Bd5 Bxd5 29. Qxd5+ Kh8 30. Rbe3 Rc8 31. Rxe5 dxe5 32. Qxe5+ Qxe5 33. Rxe5 Rc6 34. Re7 Rf6 35. Ra7 Rf4 36. c6 1-0

[Event "Al Ain op 1st"]
[Site "Al Ain"]
[Date "2012.12.28"]
[Round "9"]
[White "Labib, Ibrahim Hasan"]
[Black "Yasseen, Aly"]
[Result "0-1"]
[WhiteElo "2432"]
[BlackElo "2280"]
[PlyCount "184"]
[EventDate "2012.12.22"]
[EventType "swiss"]
[EventRounds "9"]
[EventCountry "UAE"]
[SourceTitle "CBM 152 Extra"]
[Source "ChessBase"]
[SourceDate "2013.02.25"]
[SourceVersion "1"]
[SourceVersionDate "2013.02.25"]
[SourceQuality "1"]

1. Nf3 Nf6 2. d4 c5 3. c4 e6 4. g3 d5 5. cxd5 Nxd5 6. Bg2 Nc6 7. 0-0 Nf6 8. Qa4 Bd7 9. dxc5 Bxc5 10. Nc3 0-0 11. Bg5 h6 12. Ne4 Be7 13. Bxf6 Bxf6 14. Rfd1 Be7 15. Rac1 Qc7 16. Nc5 Rfd8 17. Qb3 Rab8 18. h4 Be8 19. Rxd8 Rxd8 20. Nd3 Qb8 21. Nf4 Bf8 22. e3 e5 23. Ng6 Bd6 24. h5 Na5 25. Qd5 Bb4 26. Qe4 fxg6 27. Qxb4 Nc6 28. Qe4 gxh5 29. Nh4 Qd6 30. Nf5 Qf6 31. Qc2 Bg6 32. Bxc6 bxc6 33. Ne7+ Qxe7 34. Qxg6 Qf7 35. Qxf7+ Kxf7 36. Rxc6 Rd2 37. Ra6 Rxb2 38. Rxa7+ Kf6 39. Kg2 e4 40. Ra5 g6 41. a3 Ra2 42. a4 Ke6 43. Ra6+ Kf5 44. a5 Ra1 45. Ra8 Kg4 46. Re8 Rxa5 47. Rxe4+ Kf5 48. Rf4+ Ke6 49. Kf3 Ra2 50. Rf8 Ke7 51. Rb8 Kf6 52. Rb6+ Kg5 53. Rd6 Rb2 54. e4 Rb3+ 55. Kg2 Rb2 56. Kf3 Rb3+ 57. Ke2 Rb2+ 58. Ke3 Rb3+ 59. Rd3 Rxd3+ 60. Kxd3 Kf6 61. f4 g5 62. f5 Ke5 63. Ke2 g4 64. Ke3 h4 65. gxh4 h5 66. Kf2 Kf6 67. Kg2 Kf7 68. e5 Ke7 69. Kg3 Kf7 70. Kf4 Kg7 71. Ke4 Kf7 72. Kd4 Ke7 73. Kd3 Kf7 74. Ke3 Ke7 75. Kf4 Kf7 76. Ke4 Ke7 77. e6 Kf6 78. Kf4 Ke7 79. Ke4 Kf6 80. Kf4 Ke7 81. Ke5 g3 82. f6+ Ke8 83. e7 Kd7 84. Kf5 g2 85. Kg6 Ke8 86. Kxh5 g1Q 87. Kh6 Kf7 88. h5 Qg4 89. e8Q+ Kxe8 90. Kh7 Kf7 91. Kh6 Kxf6 92. Kh7 Qg7# 0-1

[Event "Al Ain op 1st"]
[Site "Al Ain"]
[Date "2012.12.25"]
[Round "4"]
[White "Labib, Ibrahim Hasan"]
[Black "Mohannad, Farhan"]
[Result "1-0"]
[WhiteElo "2432"]
[BlackElo "2263"]
[PlyCount "153"]
[EventDate "2012.12.22"]
[EventType "swiss"]
[EventRounds "9"]
[EventCountry "UAE"]
[SourceTitle "CBM 152 Extra"]
[Source "ChessBase"]
[SourceDate "2013.02.25"]
[SourceVersion "1"]
[SourceVersionDate "2013.02.25"]
[SourceQuality "1"]

1. Nf3 Nf6 2. c4 e6 3. d4 Bb4+ 4. Bd2 c5 5. Bxb4 cxb4 6. e3 0-0 7. Bd3 Nc6 8. 0-0 d6 9. Nbd2 e5 10. Qc2 Re8 11. Ne4 h6 12. dxe5 dxe5 13. c5 Bg4 14. Nfd2 Nxe4 15. Nxe4 Qe7 16. Nd6 Rf8 17. Bh7+ Kh8 18. Be4 a5 19. Bxc6 bxc6 20. Qe4 f5 21. Qxc6 e4 22. Rfe1 Qf6 23. h3 Bh5 24. Qd5 Rad8 25. a3 b3 26. Qxb3 Qg6 27. Kh2 Rb8 28. Qc3 a4 29. Qe5 Rb3 30. Rac1 Rd3 31. Nc4 Re8 32. Qf4 Qf6 33. g4 fxg4 34. Qxf6 gxf6 35. c6 gxh3 36. c7 Bg4 37. Rg1 h5 38. Rxg4 hxg4 39. Nb6 Rd2 40. Kg3 Rxb2 41. c8Q Rxc8 42. Rxc8+ Kg7 43. Nxa4 Rb1 44. Kh2 Ra1 45. Nc3 f5 46. Rc7+ Kg6 47. Rc6+ Kg5 48. Rc5 Kg6 49. Nd5 Ra2 50. Kg3 h2 51. Kxh2 Rxf2+ 52. Kg1 Ra2 53. Ne7+ Kf6 54. Nxf5 Rxa3 55. Kf2 Ra1 56. Nd6 Ra4 57. Kg3 Ke6 58. Nf5 Ra1 59. Kxg4 Rf1 60. Nd4+ Kd6 61. Rf5 Rh1 62. Rh5 Rf1 63. Rh6+ Kd5 64. Rh5+ Kc4 65. Re5 Kd3 66. Nf5 Rg1+ 67. Kf4 Rf1+ 68. Kg5 Rg1+ 69. Kf6 Rf1 70. Rd5+ Ke2 71. Ke5 Kf3 72. Ra5 Rb1 73. Rc5 Ra1 74. Nd4+ Kxe3 75. Nc2+ Kf2 76. Nxa1 e3 77. Nc2 1-0

[Event "Cairo Egyptian op"]
[Site "Cairo"]
[Date "2012.11.16"]
[Round "5"]
[White "Labib, Ibrahim Hasan"]
[Black "Rahman, Yehya"]
[Result "1-0"]
[WhiteElo "2415"]
[BlackElo "2291"]
[PlyCount "71"]
[EventDate "2012.11.12"]
[EventType "swiss"]
[EventRounds "9"]
[EventCountry "EGY"]
[SourceTitle "EXT 2014"]
[Source "ChessBase"]
[SourceDate "2013.11.20"]
[SourceVersion "1"]
[SourceVersionDate "2013.11.20"]
[SourceQuality "1"]

1. Nf3 d5 2. d4 c6 3. c4 Nf6 4. e3 e6 5. Bd3 Nbd7 6. 0-0 Bd6 7. Nbd2 b6 8. e4 dxe4 9. Nxe4 Nxe4 10. Bxe4 Bb7 11. Qc2 Qc7 12. Re1 0-0-0 13. c5 bxc5 14. Be3 cxd4 15. Nxd4 Bxh2+ 16. Kh1 Be5 17. Nxc6 Bxc6 18. Qxc6 Qxc6 19. Bxc6 Nb8 20. Bf3 Rd7 21. Rac1+ Kd8 22. Bxa7 Rxa7 23. Rxe5 Rxa2 24. Rb5 Ke7 25. Rc7+ Kf6 26. Kg1 h5 27. Rbb7 Rf8 28. Bxh5 g6 29. Be2 Na6 30. Rc6 Ra8 31. g3 Ra5 32. b4 Ra3 33. Rc4 g5 34. b5 Nb8 35. Rc8 R3a7 36. Bf3 1-0

[Event "Cairo Egyptian op"]
[Site "Cairo"]
[Date "2012.11.12"]
[Round "1"]
[White "Labib, Ibrahim Hasan"]
[Black "Bakr, Mohamed"]
[Result "1-0"]
[WhiteElo "2415"]
[BlackElo "2069"]
[PlyCount "61"]
[EventDate "2012.11.12"]
[EventType "swiss"]
[EventRounds "9"]
[EventCountry "EGY"]
[SourceTitle "EXT 2014"]
[Source "ChessBase"]
[SourceDate "2013.11.20"]
[SourceVersion "1"]
[SourceVersionDate "2013.11.20"]
[SourceQuality "1"]

1. Nf3 g6 2. c4 Bg7 3. d4 Nf6 4. Nc3 d6 5. e4 0-0 6. h3 Nbd7 7. Be3 c5 8. d5 b5 9. cxb5 a6 10. bxa6 Qa5 11. Nd2 Bxa6 12. Bxa6 Qxa6 13. Qe2 Rfb8 14. Rb1 Nb6 15. b4 Nfd7 16. bxc5 dxc5 17. Nb5 Na4 18. 0-0 Nb2 19. a4 Nxa4 20. Rb3 Rb6 21. Rfb1 Rab8 22. f4 Nb2 23. e5 Rxb5 24. R3xb2 Rxb2 25. Qxa6 Rxb1+ 26. Nxb1 Rxb1+ 27. Kf2 Rb2+ 28. Kf3 g5 29. e6 Nb6 30. Bxc5 Rb3+ 31. Kg4 1-0

[Event "Olympiad-40"]
[Site "Istanbul"]
[Date "2012.09.07"]
[Round "10.3"]
[White "Atabayev, Maksat"]
[Black "Labib, Ibrahim Hasan"]
[Result "1-0"]
[WhiteElo "2402"]
[BlackElo "2429"]
[PlyCount "97"]
[EventDate "2012.08.28"]
[EventType "team-swiss"]
[EventRounds "11"]
[EventCountry "TUR"]
[SourceTitle "CBM 151"]
[Source "ChessBase"]
[SourceDate "2012.11.13"]
[SourceVersion "1"]
[SourceVersionDate "2012.11.13"]
[SourceQuality "1"]
[WhiteTeam "Turkmenistan"]
[BlackTeam "Egypt"]
[WhiteTeamCountry "TKM"]
[BlackTeamCountry "EGY"]

1. e4 e6 2. d4 d5 3. Nc3 Nf6 4. Bg5 dxe4 5. Nxe4 Be7 6. Bxf6 gxf6 7. Nf3 a6 8. Qe2 b5 9. 0-0-0 Bb7 10. Kb1 Bd5 11. Nc3 c6 12. Nd2 Qc7 13. Qh5 Nd7 14. Nxd5 cxd5 15. Bd3 f5 16. Nf3 Nf6 17. Qh6 Ng4 18. Qd2 Bd6 19. Qe2 Kd8 20. h3 Nf6 21. g4 f4 22. g5 Nd7 23. h4 Nb6 24. c3 Na4 25. Rc1 Kc8 26. c4 bxc4 27. Bxc4 Kd7 28. Bxd5 Qa5 29. Bxa8 Rxa8 30. Ne5+ Bxe5 31. dxe5 Rb8 32. Qd3+ Ke8 33. Rhd1 Qxe5 34. Qd7+ Kf8 35. Rc8+ Rxc8 36. Qxc8+ Kg7 37. Qc2 Nc5 38. Rc1 Qe4 39. f3 Qxc2+ 40. Rxc2 Nd3 41. Rc3 Nb4 42. Rc4 Nd5 43. Ra4 h6 44. Rxa6 hxg5 45. hxg5 Kg6 46. a4 Kxg5 47. Ra5 Kf6 48. Rxd5 exd5 49. a5 1-0

[Event "Olympiad-40"]
[Site "Istanbul"]
[Date "2012.09.04"]
[Round "7.4"]
[White "Popovic, Dusan"]
[Black "Labib, Ibrahim Hasan"]
[Result "1-0"]
[WhiteElo "2579"]
[BlackElo "2429"]
[PlyCount "53"]
[EventDate "2012.08.28"]
[EventType "team-swiss"]
[EventRounds "11"]
[EventCountry "TUR"]
[SourceTitle "CBM 151"]
[Source "ChessBase"]
[SourceDate "2012.11.13"]
[SourceVersion "1"]
[SourceVersionDate "2012.11.13"]
[SourceQuality "1"]
[WhiteTeam "Serbia"]
[BlackTeam "Egypt"]
[WhiteTeamCountry "SRB"]
[BlackTeamCountry "EGY"]

1. e4 c6 2. d4 d5 3. e5 Bf5 4. c4 e6 5. Nc3 Ne7 6. a3 dxc4 7. Bxc4 Nd7 8. Nge2 Rc8 9. 0-0 Nb6 10. Bb3 Ned5 11. Ng3 Bg6 12. Nce4 Be7 13. h4 h5 14. Bg5 f6 15. exf6 gxf6 16. Bd2 Nd7 17. Re1 Nf8 18. Qf3 Kd7 19. Bb4 Bxe4 20. Nxe4 f5 21. Nc3 Bxb4 22. axb4 Qxh4 23. Bxd5 cxd5 24. Nxd5 Rc6 25. Rxa7 exd5 26. Qxd5+ Kc7 27. Qe5+ 1-0